Word Ladder: Food Idioms Quiz Stats

 Plays Quiz Updated Mar 14, 2019

Score 0/32 Timer 03:00
0 Plays Today
Hint Answer % Correct
★It's a piece of ____CAKE
97.9%
★When life gives you lemons, ____ lemonade★MAKE
97.7%
★It's no use crying over spilt ____MILK
96.3%
★A ____ nut to crack★HARD
95.3%
★As ____ as pie★EASY
95.2%
1760 yardsMILE
95.1%
Boy, man, son, brother, father, e.g. MALE
94.9%
A place to go swimmingPOOL
94.5%
★As ____ as a cucumber★COOL
94.5%
Satan's realmHELL
94.4%
A detective's assignmentCASE
94.3%
Bungee or umbilicalCORD
93.6%
Queen of hearts, for exampleCARD
93.5%
Bake, boil, or broilCOOK
93.4%
Lacking moneyPOOR
93.2%
Bottle stopperCORK
93%
Hint Answer % Correct
Group of animalsHERD
93%
★Like two ____ in a pod★PEAS
92.8%
Fill up a glassPOUR
92.4%
★The apple never falls far from the ____TREE
91.5%
Grasped in one's handsHELD
91.4%
Absence of difficulty or effortEASE
90.9%
Spanish for threeTRES
89.9%
Mound of earthHILL
89.5%
★____ grapes★SOUR
89.4%
Earl Grey and oolong, e.g.TEAS
89.2%
Golf ball holdersTEES
88.3%
Statement of money owedBILL
87%
Fly like a kiteSOAR
86.5%
Fruit that comes as Bosc or Bartlett varietiesPEAR
84.7%
To defraud or swindleBILK
83.5%
Braze with flameSEAR
82.5%

Today's Daily Dose

Missing Word
Sherlocks

Word Ladder
King of the Hill

Quick Pick
Songs in Pink

Get the Picture
NBA Teammates

You're not logged in!

Compare scores with friends on all Sporcle quizzes.
OR
Log In

Sporcle TV

Today on Sporcle TV


Watch our educational content, quiz creation guides, and fun videos on Sporcle TV.

Show Comments

Extras

Top Quizzes Today


Score Distribution

Your Account Isn't Verified!

In order to create a playlist on Sporcle, you need to verify the email address you used during registration. Go to your Sporcle Settings to finish the process.

Report this User

Report this user for behavior that violates our Community Guidelines.

Details: